Mad at school (Record no. 124337)
[ view plain ]
| 000 -LEADER | |
|---|---|
| fixed length control field | 01989nam a2200385 a 4500 |
| 082 04 - DEWEY DECIMAL CLASSIFICATION NUMBER | |
| Classification number | 616.89/00835 |
| 100 1# - MAIN ENTRY--AUTHOR NAME | |
| Personal name | Price, Margaret, |
| 245 10 - TITLE STATEMENT | |
| Title | Mad at school |
| 260 ## - PUBLICATION, DISTRIBUTION, ETC. (IMPRINT) | |
| Place of publication | Ann Arbor : |
| Name of publisher | University of Michigan Press, |
| Year of publication | c2010. |
| 300 ## - PHYSICAL DESCRIPTION | |
| Number of Pages | xiv, 279 p. : |
| Other physical details | ill. |
| 490 1# - SERIES STATEMENT | |
| Series statement | Corporealities : discourses of disability |
| 505 0# - FORMATTED CONTENTS NOTE | |
| Formatted contents note | Listening to the subject of mental disability : intersections of academic and medical discourses -- Ways to move : presence, participation, and resistance in kairotic space -- The essential functions of the position : collegiality and productivity -- Assaults on the ivory tower : representations of madness in the discourse of U.S. school shootings -- "Her pronouns wax and wane" : mental disability, autobiography, and counter diagnosis -- In/ter/dependent scholarship. |
| 650 #0 - SUBJECT ADDED ENTRY--TOPICAL TERM | |
| Topical Term | College students |
| Topical Term | College teachers |
| Topical Term | Mentally ill |
| Topical Term | Mentally ill |
| 856 40 - ELECTRONIC LOCATION AND ACCESS | |
| Uniform Resource Identifier | http://site.ebrary.com/lib/rucke/Doc?id=10455034 |
No items available.
